000 00731cam a2200277 i 4500
001 768714001
003 CO-MdFUSB
005 20240622123145.0
007 ta
008 240622t2000 -us||||| |||| 00| 0 spa d
020 _a1-928915-03-5
040 _cCO-MdFUSB
041 0 _aspa
082 0 4 _224
_a234.8
_bD853d
100 1 _aDuewel, Wesley L.
_eautor
245 1 0 _aDios te ofrece su gran salvación
_c/ Wesley L. Duewel
264 1 _bEvangel Publishing House,
_aNappanee, IN :
_c[2000]
264 4 _c©2000
300 _a334 Pág.
336 _atexto
_btxt
_2rdacontent
337 _2rdamedia
_asin mediación
_bn
338 _2rdacarrier
_avolumen
_bnc
653 _aSoteriología
942 _cBK
945 _aMiguel
999 _c43037
_d43037